00000000nam 2200000zi 4500
0019.945254
003CaOODSP
00520241118081808
006m     o  d f      
007cr mn|||||||||
008241118t19941994onca    oc   f000 0 eng d
020 |a0662214919 |q(print)
020 |z0660214919 |q(incorrect)
040 |aCaOODSP|beng|erda|cCaOODSP
043 |an-cn---
0861 |aP62-40/2-1994E-PDF|zP62-40-2-1994E
24500|aEnvironment catalogue.
2463 |aEnvironment 1994
264 1|a[Ottawa] : |bCanada Communication Group, Publishing = Groupe Communication Canada, Édition, |c[1994]
264 4|c©1994
300 |a1 online resource (32 pages) : |billustrations
336 |atext|btxt|2rdacontent
337 |acomputer|bc|2rdamedia
338 |aonline resource|bcr|2rdacarrier
500 |aIssued also in French under title: Environnement : catalogue.
500 |aTitle from cover.
500 |aDigitized edition from print [produced by Publishing and Depository Services Directorate].
520 |a"This catalogue has been produced to provide you with the most accurate and up-to-date information on the environment available from the Canadian federal government. The priced publications listed, cover a wide range of environmental issues and are available in both official languages"--Page [1].
650 0|aEnvironmental sciences|zCanada|vCatalogs.
650 0|aEnvironmental policy|zCanada|vCatalogs.
650 0|aEnvironmental law|zCanada|vCatalogs.
650 0|aGovernment publications|zCanada|vCatalogs.
655 7|aCatalogs|2lcgft
7102 |aCanada Communication Group. |bPublishing, |eissuing body.
77508|tEnvironnement : |w(CaOODSP)9.945255
7760#|tEnvironment catalogue.|w(CaOODSP)9.611058
85640|qPDF|s28.40 MB|uhttps://publications.gc.ca/collections/collection_2024/spac-pspc/P62-40-2-1994-eng.pdf